Česká literatura 19. století : textová příručka. [Díl] 2 /

Hlavní autor: Janáčková, Jaroslava, 1930-2024
Další autoři: Menclová, Věra, 1938-
Jazyk: Čeština
Vydáno: Praha : SPN, 1969
Vydání: 1. vyd.
Edice: Učební texty vysokých škol
Témata:
Fyzický popis: 316 s.
Knihy
Uloženo v:
LEADER 01371nam a22003612a 4500
001 000059895
003 CZ BrMZK
005 20181010135613.0
008 010907s1969 xr e p cze d
040 |a BOA001  |b cze 
045 |a w-w- 
072 7 |a 821.162.3.09  |x Česká literatura (o ní)  |2 Konspekt  |9 11 
072 7 |a 37.016  |x Učební osnovy. Vyučovací předměty. Učebnice  |2 Konspekt  |9 22 
080 |a 821.162.3(091)  |2 MRF 
080 |a 821.162.3  |2 MRF 
080 |a (075.8)  |2 MRF 
080 |a (082.21)  |2 MRF 
100 1 |a Janáčková, Jaroslava,  |d 1930-2024  |7 jk01050748 
245 1 0 |a Česká literatura 19. století :  |b textová příručka.  |n [Díl] 2 /  |c Jaroslava Janáčková, Věra Menclová 
250 |a 1. vyd. 
260 |a Praha :  |b SPN,  |c 1969 
300 |a 316 s. 
490 1 |a Učební texty vysokých škol 
648 7 |a 19. století  |7 ch460557  |2 czenas 
650 0 7 |a dějiny české literatury  |7 ph483973  |y 19. století  |2 czenas 
650 0 7 |a česká literatura  |7 ph116858  |y 19. století  |2 czenas 
655 7 |a učebnice vysokých škol  |7 fd133772  |2 czenas 
655 7 |a antologie  |7 fd131819  |2 czenas 
700 1 |a Menclová, Věra,  |d 1938-  |7 jk01081211 
830 0 |a Učební texty vysokých škol 
910 |a BOA001  |b PK-N-0009.825,2 
990 |a BK 
996 7 |b 3119958401  |c PK-N-0009.825,2  |l MZK  |r Sklad / do 1 hodiny  |n 9  |w 000059895  |u 000010  |a 1  |e BOA001  |j MZK50  |s A